| 000 | 004880000a22001690004500 | ||
|---|---|---|---|
| 003 | MACL | ||
| 005 | 20160227154045.0 | ||
| 008 | 160227b xxu||||| |||| 00| 0 eng d | ||
| 040 |
_aMACL _cMACL |
||
| 041 | _aHindi | ||
| 082 | _a800 | ||
| 100 |
_aचंचल चौहान _940885 |
||
| 245 | _aजनवादी समीक्षा | ||
| 260 |
_bपांडुलिपि प्रकाशन _aदिल्ली |
||
| 650 |
_aLiteracture _939932 |
||
| 942 |
_cHIN _k800 _2ddc |
||
| 999 |
_c28017 _d28017 |
||